| 000 | 00403nam a2200169Ia 4500 | ||
|---|---|---|---|
| 008 | 231217s9999 xx 000 0 und d | ||
| 020 | _a81-7808-039-7 | ||
| 041 | _aEnglish | ||
| 082 | _a001.6424JAV KAN | ||
| 100 | _aKanerva, Jonni | ||
| 245 | 4 | _aThe Java FAQ | |
| 260 |
_c1997 _bPearson Education _aDelhi |
||
| 300 | _ax+324 | ||
| 400 | _aThe Java series | ||
| 650 | _aJava FAQ | ||
| 942 | _cAA | ||
| 999 |
_c176927 _d176927 |
||